[Event "X Malaga Open"]
[Site "Campillos ESP"]
[Date "2007.02.26"]
[Round "4"]
[White "Fernandez Romero,Ern"]
[Black "Tratar,M"]
[Result "1/2-1/2"]
[WhiteElo "2434"]
[BlackElo "2478"]

1.e4 d6 2.d4 Nf6 3.Nc3 e5 4.Nge2 c6 5.f3 Be7 6.Be3 O-O 7.g4 exd4 8.Qxd4 d5
9.exd5 Nxd5 10.Nxd5 cxd5 11.O-O-O Be6 12.Qd2 Nc6 13.Nd4 Rc8 14.Kb1 Bf6 15.h3 Qc7
16.c3 Ne5 17.f4 Nc4 18.Bxc4 Qxc4 19.Qd3 a6 20.Qxc4 Rxc4 21.Rhe1 Rcc8 22.Nc2 Rfe8
23.Bf2 g6 24.Bd4 Bh4 25.Rf1 Bd7 26.Bf2 Bxf2 27.Rxf2 Bc6 28.f5 Re5 29.Kc1 Rce8
30.Kd2 gxf5 31.gxf5 f6 32.Rg1+ Kh8 33.Rg3 Rg8 34.Rxg8+ Kxg8 35.Ne3 Re4 36.Rg2+ Kf7
37.Rg4 Re5 38.Rh4 Kg7 39.Rg4+ Kf7 40.Rf4 Kg7 41.a4 a5 42.Rg4+ Kf7 43.b3 Bd7
44.Rf4 b5 45.axb5 Bxb5 46.Rd4 Bc6 47.Rh4 Kg7 48.Rg4+ Kf7 49.Rh4 Kg7 50.Rg4+ Kf7  1/2-1/2

[Event "X Malaga Open"]
[Site "Campillos ESP"]
[Date "2007.02.27"]
[Round "5"]
[White "Naranjo Moreno,A"]
[Black "Suuronen,P"]
[Result "1/2-1/2"]
[WhiteElo "2224"]
[BlackElo "1931"]

1.e4 d6 2.d4 Nf6 3.Nc3 e5 4.Nf3 Nbd7 5.Bc4 Be7 6.O-O O-O 7.Qe2 exd4 8.Nxd4 Ne5
9.Nd5 Nxc4 10.Qxc4 Nxd5 11.exd5 a6 12.Qd3 Bf6 13.Be3 Re8 14.Rae1 Bd7 15.b3 Bxd4
16.Bxd4 Qg5 17.Bb2 f6 18.Bc1 Qf5 19.Qd2 Re5 20.Rxe5 fxe5 21.Qc3 Rc8 22.f4 exf4
23.Bb2 Qe5 24.Qxe5 dxe5 25.Bxe5 g5 26.Bf6 h6 27.h4 gxh4 28.Rxf4 Rf8 29.Be5 Rxf4
30.Bxf4 c6 31.dxc6 bxc6 32.Bxh6 h3 33.gxh3 Bxh3 34.Kf2 Kf7 35.Ke3 Ke6 36.Kd4 Bf5
37.c3 Bb1 38.a3 Bc2 39.b4 Bb3 40.Kc5 Kd7 41.Bf4 Bd1 42.Kb6 Be2 43.Be3 Bf1
44.a4 Be2 45.Bc5 Bf1 46.b5 cxb5 47.a5 b4 48.Bxb4 Kc8  1/2-1/2

[Event "X Malaga Open"]
[Site "Campillos ESP"]
[Date "2007.03.01"]
[Round "7"]
[White "Berbatov,K"]
[Black "Suuronen,P"]
[Result "1-0"]
[WhiteElo "2145"]
[BlackElo "1931"]

1.e4 d6 2.d4 Nf6 3.Nc3 e5 4.Nf3 Nbd7 5.g4 Nxg4 6.Rg1 Ndf6 7.Bc4 h6 8.Be3 c6
9.dxe5 Nxe5 10.Nxe5 dxe5 11.Bxf7+ Ke7 12.Bc5+ Kxf7 13.Qxd8 Bxc5  1-0

[Event "Interclubes Paulista"]
[Site "Sao Paulo BRA"]
[Date "2007.03.03"]
[Round "5"]
[White "Schutt,Ri"]
[Black "Pelikian,J"]
[Result "1/2-1/2"]
[WhiteElo "2153"]
[BlackElo "2379"]

1.e4 d6 2.d4 Nf6 3.Nc3 c6 4.g3 Nbd7 5.Bg2 e5 6.Nge2 Be7 7.O-O O-O 8.a4 b6
9.h3 Bb7 10.Be3 a6 11.Qd2 Qc7 12.Rfd1 Rfe8 13.Qe1 Bf8 14.dxe5 dxe5 15.f3 Bc5
16.Qf2 a5 17.Nc1 Bxe3 18.Qxe3 Nc5 19.Nd3 Ne6 20.Ne2 Rad8 21.b3 Ba6 22.Nb2 Qe7
23.Bf1 Bxe2 24.Bxe2 Nd4 25.Rac1 b5 26.Kf2 Qa3 27.Nd3 bxa4 28.Ra1 Qe7 29.Rxa4 Qe6
30.Rxa5 Nxe2 31.Qxe2 Qxh3 32.Qf1 Qh2+ 33.Qg2 Qh5 34.Qh1 Qg5 35.Qh4 Qxh4 36.gxh4 Nh5
37.Ke3 Nf4 38.Rd2 f6  1/2-1/2

[Event "4NCL 2006-07"]
[Site "Wokefield Park ENG"]
[Date "2007.03.03"]
[Round "7"]
[White "Jones,G"]
[Black "Collins,S IRL"]
[Result "1-0"]
[WhiteElo "2509"]
[BlackElo "2398"]

1.e4 d6 2.d4 Nf6 3.Nc3 e5 4.Nf3 Nbd7 5.g4 Nxg4 6.Rg1 Ngf6 7.Bc4 h6 8.Be3 c6
9.dxe5 dxe5 10.Qe2 b5 11.Bb3 Qc7 12.O-O-O a5 13.a4 b4 14.Qc4 Nc5 15.Bxc5 Ba6
16.Nb5 cxb5 17.axb5 Bxc5 18.Rxg7 Be3+ 19.fxe3 Qxc4 20.Bxc4 Bc8 21.Nxe5  1-0

[Event "23rd Open"]
[Site "Cappelle la Grande FRA"]
[Date "2007.03.05"]
[Round "3"]
[White "Dvoirys,S"]
[Black "Bocharov,D"]
[Result "1-0"]
[WhiteElo "2534"]
[BlackElo "2602"]

1.e4 d6 2.d4 Nf6 3.Nc3 e5 4.Nf3 Nbd7 5.Be2 Be7 6.O-O O-O 7.Be3 Ng4 8.Bc1 c6
9.a4 Re8 10.Bc4 exd4 11.Nxd4 Nge5 12.Ba2 Bf8 13.f4 Ng6 14.Nf3 Nf6 15.Ng5 Re7
16.e5 Qb6+ 17.Kh1 dxe5 18.Nxf7 exf4 19.a5 Qc5 20.Nd8+ Kh8 21.Bxf4 Nxf4 22.Rxf4 Qe5
23.Qd4 Qxd4 24.Rxd4 h6 25.a6 bxa6 26.Nxc6 Rc7 27.Ne5 Bf5 28.Rf4 Bxc2 29.Rf2 Bh7
30.Nf7+ Rxf7 31.Bxf7 Bc5 32.Rd2 Rf8 33.Bc4 g5 34.Bxa6 g4 35.Rf1 Kg7 36.g3 Rb8
37.Bc4 h5 38.Re2 Bd4 39.Rf4 Bc5 40.Re5 Bf8 41.Rg5+ Kh6 42.Rb5 Rxb5 43.Rxf6+ Kg5
44.Rxf8 Rxb2 45.Rf7 Bf5 46.Rg7+ Kf6 47.Rxa7 Rc2 48.Rf7+ Kg6 49.Rxf5 Rxc3
50.Rf4 Kg5 51.Kg2 Rc2+ 52.Kg1 Rc1+ 53.Kf2 Rc3 54.Be2 Rc5 55.h4+ gxh3 56.Rh4 Kg6
57.Rxh3 Rf5+ 58.Bf3 Ra5 59.Rh4 Re5 60.Kg2 Ra5 61.Kh3  1-0

[Event "23rd Open"]
[Site "Cappelle la Grande FRA"]
[Date "2007.03.08"]
[Round "7"]
[White "Smerdon,D"]
[Black "Gagunashvili,M"]
[Result "1-0"]
[WhiteElo "2460"]
[BlackElo "2611"]

1.e4 d6 2.d4 Nf6 3.Nc3 e5 4.Nf3 Nbd7 5.g4 g6 6.g5 Nh5 7.Be2 Bg7 8.Be3 c6
9.Qd2 O-O 10.O-O-O Qe7 11.Rhg1 b5 12.dxe5 dxe5 13.Qd6 Qxd6 14.Rxd6 Nb8 15.Rgd1 Nf4
16.Bxf4 exf4 17.e5 Bf5 18.R1d4 Bg4 19.Rd8 Na6 20.Rxa8 Rxa8 21.Rd6 Rc8 22.Nxb5 Bf8
23.Nxa7 Rc7 24.Nb5 Bxd6 25.exd6 Rc8 26.Nbd4 Nc5 27.Ne5 Bxe2 28.b4 Ne6 29.d7 Rd8
30.Nxe2 f3 31.Nc3 Nxg5 32.a4 f6 33.Nxc6 Rxd7 34.a5 Ne6 35.Nd5 Kf7 36.c4 Rd6
37.b5 Nc5 38.Kc2 Ke6 39.a6 Nxa6 40.Nd4+ Ke5 41.Nxf3+ Ke4 42.Nd2+ Kd4 43.bxa6 Rxa6
44.Nc3 f5 45.Nb5+ Kc5 46.Kc3 Ra2 47.h4 Kb6 48.Nd4 Ra1 49.c5+ Kc7 50.Kc4 Ra2
51.N2f3 Rxf2 52.Kd5 h6 53.Nb5+ Kc8 54.Nfd4 g5 55.h5 g4 56.c6 g3 57.Kd6 Ra2
58.Nxf5 Rd2+ 59.Nbd4 Rxd4+ 60.Nxd4 g2 61.Nf3 Kd8 62.Ng1 Kc8 63.c7  1-0

[Event "Varsity Oxford-Cambridge"]
[Site "London ENG"]
[Date "2007.03.10"]
[Round "7"]
[White "Rawlinson,C"]
[Black "Werner,An2"]
[Result "1/2-1/2"]
[WhiteElo "2053"]
[BlackElo "2074"]

1.e4 d6 2.d4 Nf6 3.Nc3 c6 4.Bg5 Qb6 5.Rb1 Nbd7 6.Nf3 g6 7.Bc4 Bg7 8.O-O Qc7
9.Re1 e5 10.b4 O-O 11.Qd2 Nb6 12.Bb3 Bg4 13.Re3 h6 14.Bxf6 Bxf6 15.d5 Kg7
16.Rd3 Be7 17.h3 Bxf3 18.Rxf3 c5 19.bxc5 Qxc5 20.Na4 Nxa4 21.Bxa4 Bg5 22.Qc3 b6
23.Qxc5 dxc5 24.Bc6 Rac8 25.a4 Bd2 26.c3 Bg5 27.a5 Bd8 28.axb6 Bxb6 29.c4 Rfd8
30.Rfb3 Rb8 31.f4 f6 32.fxe5 fxe5 33.Ra1 Kf6 34.Rf3+ Kg7 35.Rfa3 a5 36.Rxa5 Bxa5
37.Rxa5 Rb1+ 38.Kh2 Re1 39.Rxc5 Rd6 40.Ra5 Rf6 41.Ra7+ Kf8 42.Ra8+ Kg7 43.c5 Re2
44.Bb5 Rc2 45.d6 Rff2 46.Bf1  1/2-1/2

[Event "66th ch-GEO"]
[Site "Tbilisi GEO"]
[Date "2007.03.16"]
[Round "3"]
[White "Arutinian,D"]
[Black "Gelashvili,T"]
[Result "1-0"]
[WhiteElo "2552"]
[BlackElo "2612"]

1.d4 d6 2.e4 Nf6 3.Nc3 Nbd7 4.g3 e5 5.Nge2 c6 6.a4 a5 7.Bg2 exd4 8.Nxd4 Ne5
9.h3 Qb6 10.f4 Ng6 11.Qd3 Be6 12.Be3 Qb4 13.Nxe6 fxe6 14.Ra3 Nd7 15.Rb3 Nc5
16.Bxc5 Qxc5 17.Rxb7 Be7 18.Ne2 Ra7 19.Rxa7 Qxa7 20.Nd4 Qd7 21.Qc4 e5 22.Ne6 Bf6
23.Bf3 exf4 24.gxf4 Ke7 25.Bg4 Qa7 26.Ke2 Rb8 27.Qxc6 Rb6 28.Qc8 Rxb2 29.Nd8 Rb6
30.Nc6+ Rxc6 31.Qxc6 Nxf4+ 32.Kf3 Be5 33.Rb1 Qd4 34.Qd7+  1-0

[Event "Open"]
[Site "Zagreb CRO"]
[Date "2007.03.19"]
[Round "3"]
[White "Cebalo,M"]
[Black "Komic,I"]
[Result "1-0"]
[WhiteElo "2471"]
[BlackElo "2259"]

1.d4 d6 2.e4 Nf6 3.Nc3 c6 4.a4 Qa5 5.Bd2 e5 6.d5 Be7 7.Nf3 Nbd7 8.Bc4 Qc7
9.a5 cxd5 10.Bxd5 a6 11.O-O O-O 12.b4 Rb8 13.Qe2 b5 14.axb6 Nxb6 15.Bb3 Bb7
16.Nh4 Nxe4 17.Nxe4 Bxh4 18.Qg4 Bxe4 19.Qxe4 Bf6 20.Rxa6 d5 21.Qf5 Qe7 22.Re1 g6
23.Qf3 Rfc8 24.g3 e4 25.Qd1 Bg5 26.Bxg5 Qxg5 27.Ra5 Qe7 28.Qd4 Nc4 29.Rxd5 Rxb4
30.Rxe4  1-0

[Event "Open"]
[Site "Zagreb CRO"]
[Date "2007.03.19"]
[Round "3"]
[White "Cosic,R"]
[Black "Vidic,M CRO"]
[Result "1-0"]
[WhiteElo "2205"]
[BlackElo "2000"]

1.e4 d6 2.d4 Nf6 3.Nc3 e5 4.Nge2 Be7 5.g3 Nbd7 6.Bg2 c6 7.O-O O-O 8.h3 h6
9.a4 a5 10.f4 exd4 11.Nxd4 Qb6 12.Kh2 Re8 13.Nf5 Qc7 14.Nxe7+ Rxe7 15.b3 Nf8
16.Ba3 Rd7 17.Qf3 Ng6 18.Rad1 b6 19.Rf2 Bb7 20.Rfd2 Rad8 21.h4 Ne8 22.h5 Nf8
23.Bh3 Ne6 24.Bf5 Qb8 25.Qg4 Re7 26.e5 Nc5 27.Bxc5 bxc5 28.Ne4 d5 29.Nxc5 Bc8
30.Bxc8 Qxc8 31.Qf3 Nc7 32.Nd3 Ne6 33.Nf2 Rf8 34.Nh3 Nc5 35.Nf2 f5 36.Re2 Ne4
37.Rg1 Qe8 38.c4 Nf6 39.cxd5 cxd5 40.Rd1 Nxh5 41.Red2 g5 42.Rxd5 g4 43.Qc3 Qg6
44.Kg2 Ng7 45.Rd6 Ne6 46.Qxa5 h5 47.Rh1 Rh7 48.Qd5 Re8 49.Nd3 Qf7 50.b4 Rh6
51.Nc5 h4 52.Nxe6 h3+ 53.Kh2 Rhxe6 54.Rxe6 Rxe6 55.Rc1 Kg7 56.Rc5 Qe8 57.Rc7+ Re7
58.Rxe7+ Qxe7 59.Qd2 Qa7 60.a5 Qb7 61.Qb2 Qa7 62.e6+ Kg6 63.b5 Qxa5 64.b6 Qa8
65.b7 Qb8 66.Qb6 Kf6 67.Qd4+ Kg6 68.e7 Kh7 69.Qd7 Kg6 70.e8=Q+ Kh6 71.Qh5+ Kxh5
72.Qh7+  1-0

[Event "66th ch-GEO"]
[Site "Tbilisi GEO"]
[Date "2007.03.20"]
[Round "6"]
[White "Aroshidze,L"]
[Black "Gelazonia,P"]
[Result "1-0"]
[WhiteElo "2531"]
[BlackElo "2268"]

1.e4 d6 2.d4 Nf6 3.Nc3 e5 4.Nge2 Be7 5.g3 Bg4 6.Bg2 exd4 7.Qxd4 Nc6 8.Qd1 O-O
9.h3 Be6 10.O-O Re8 11.Be3 Bf8 12.b3 Bd7 13.Qd2 b5 14.f3 b4 15.Nd5 Nxd5 16.Qxd5 Qc8
17.Nf4 a5 18.Kh2 g6 19.Qd2 Bg7 20.Rad1 Ne7 21.Bd4 Bxd4 22.Qxd4 Qa6 23.Rfe1 Rad8
24.Qf6 Qb6 25.h4 Qc5 26.e5 Nf5 27.g4 Ne3 28.Nd3 Qb6 29.h5 Nd5 30.Qh4 Bb5
31.Nf2 dxe5 32.Ne4 Qe6 33.f4 g5 34.Qxg5+ Kh8 35.Rxd5 Qxd5 36.Nf6 Qd2 37.Nxe8 Rxe8
38.Rxe5 Rxe5 39.Qxe5+ Kg8 40.Qxb5 Qxf4+ 41.Kh1 Qxg4 42.Qe8+ Kg7 43.Qe5+ Kg8
44.Be4 Qh3+ 45.Kg1 Qe3+ 46.Kg2 Qe2+ 47.Kh3 Qf1+ 48.Bg2 Qd1 49.Qf5 Qd2 50.Qd3  1-0

[Event "Rector Cup m"]
[Site "Kharkiv UKR"]
[Date "2007.03.21"]
[Round "4"]
[White "Zubarev,Al1"]
[Black "Ivanov,AA"]
[Result "1/2-1/2"]
[WhiteElo "2514"]
[BlackElo "2357"]

1.e4 d6 2.d4 Nf6 3.Nc3 c6 4.f4 Qa5 5.e5 Ne4 6.Qf3 Nxc3 7.Bd2 h5 8.Bxc3 Qd5
9.Bd3 Qxf3 10.Nxf3 e6 11.O-O-O d5 12.Be1 Be7 13.Bh4 b6 14.h3 Ba6 15.Bxa6 Nxa6
16.g4 c5 17.f5 hxg4 18.hxg4 Bxh4 19.Nxh4 cxd4 20.Nf3 Kd7 21.Ng5 Ke7 22.Rhf1 Raf8
23.Rxd4 Nc5 24.c4 f6 25.exf6+ gxf6 26.Nxe6 Nxe6 27.Re1 Rh1 28.Rdd1 Rxe1 29.Rxe1 Rc8
30.Rxe6+ Kf7 31.Kd2 Rxc4 32.Rd6 Ke7 33.Rxd5 Rxg4 34.a3 a6 35.Kd3 Rg2 36.b3 Rg3+
37.Kc4 Rf3 38.a4 Rf4+ 39.Kc3 Rf3+ 40.Kc4 Rf4+ 41.Kc3 Rf3+ 42.Kb4 Rf4+ 43.Ka3 Re4
44.a5 b5 45.Rd1 Re5 46.Rf1 Kd6 47.Rd1+ Rd5 48.Rf1 Ke5 49.Rc1  1/2-1/2

[Event "Jose Marca Castaneda mem Open"]
[Site "Lima PER"]
[Date "2007.03.23"]
[Round "5"]
[White "Cornejo,M"]
[Black "Fernandez,Fe"]
[Result "1/2-1/2"]
[WhiteElo "2297"]
[BlackElo "2207"]

1.e4 d6 2.d4 Nf6 3.Nc3 e5 4.Nf3 Nbd7 5.Bc4 Be7 6.O-O O-O 7.a4 c6 8.Re1 b6
9.Bg5 Qc7 10.Nb1 Bb7 11.dxe5 dxe5 12.Nbd2 a6 13.c3 b5 14.Bf1 Rad8 15.Qc2 Nc5
16.a5 h6 17.Bxf6 Bxf6 18.c4 b4 19.Red1 Rd7 20.Nb3 Rxd1 21.Qxd1 Rd8 22.Qc2 Nxb3
23.Qxb3 c5 24.Qe3 Rd7 25.Bd3 Be7 26.Bc2 Bc6 27.Qe2 Qd6 28.h3 Bd8 29.Qe3 Be7
30.Qe2 Bd8  1/2-1/2

[Event "Vladimir Zak mem"]
[Site "St Petersburg RUS"]
[Date "2007.03.25"]
[Round "2"]
[White "Svidinsky,D"]
[Black "Bystryakova,E"]
[Result "0-1"]
[WhiteElo "2016"]
[BlackElo "2189"]

1.e4 d6 2.d4 Nf6 3.Nc3 e5 4.Nf3 exd4 5.Nxd4 Be7 6.Bc4 O-O 7.O-O Nxe4 8.Nxe4 d5
9.Bd3 dxe4 10.Bxe4 Bf6 11.c3 Re8 12.Qf3 c5 13.Nf5 Qb6 14.Bf4 Bxf5 15.Bxf5 Nc6
16.Qh3 g6 17.Bd7 Re2 18.b3 Rc2 19.Rfc1 Bxc3 20.Rxc2 Bxa1 21.Bxc6 Qxc6 22.Rc1 Bb2
23.Rd1 Re8 24.Qd3 Bf6 25.h3 g5 26.Be3 Rd8 27.Qc2 Rxd1+ 28.Qxd1 b5 29.Qc1 c4
30.bxc4 bxc4 31.Bxg5 c3 32.Qf4 Bxg5 33.Qxg5+ Kf8 34.Qd8+ Kg7 35.Qg5+ Qg6
36.Qe5+ Qf6 37.Qg3+ Kf8 38.Qb8+ Ke7 39.Qxa7+ Ke6 40.Qb6+ Ke5 41.Qc5+ Ke4
42.Qc4+ Qd4 43.Qxf7 Kd3 44.Qxh7+ Qe4 45.Qd7+ Ke2 46.Qb5+ Kd1 47.Qh5+ Qe2
48.Qd5+ Ke1 49.Qa5 Qxf2+ 50.Kh1 Kf1 51.Qb5+ Qe2 52.Qf5+ Ke1 53.Qa5 Qd2 54.Qe5+ Kd1
55.Qh5+ Kc1 56.Qb5 c2 57.Qb3 Qd1+ 58.Kh2 Qd6+ 59.Kh1 Kd2 60.Qb2 Qd5 61.a4 Kd1  0-1

[Event "ch-KAZ"]
[Site "Astana KAZ"]
[Date "2007.03.27"]
[Round "8"]
[White "Ismagambetov,A2"]
[Black "Gnusarev,P"]
[Result "1-0"]
[WhiteElo "2451"]
[BlackElo "2426"]

1.e4 d6 2.d4 Nf6 3.Nc3 e5 4.Nf3 Nbd7 5.Bc4 Be7 6.a4 O-O 7.h3 c6 8.Ba2 a5
9.O-O h6 10.Re1 Re8 11.Qd3 Bf8 12.Bd2 Qc7 13.Rad1 Nb6 14.g4 Be6 15.d5 cxd5
16.exd5 Bd7 17.g5 e4 18.Qd4 exf3 19.gxf6 Bxh3 20.Qh4 Bf5 21.fxg7 Bxg7 22.Qf4 Bxc2
23.Rc1 Rxe1+ 24.Rxe1 Qd7 25.Qxf3 Qf5 26.Qxf5 Bxf5 27.Nb5 Nxa4 28.Nxd6 Bg6
29.Nxb7 Bxb2 30.d6 Nb6 31.Bxa5 Bd4 32.Rd1 Bf6 33.Bxb6 Rxa2 34.d7 Be4 35.d8=Q+ Bxd8
36.Rxd8+ Kh7 37.Nd6 Bd5 38.Bd4 Kg6 39.Rg8+ Kh5 40.Nf5 Bf3 41.Rg3  1-0

[Event "Vladimir Zak mem"]
[Site "St Petersburg RUS"]
[Date "2007.03.27"]
[Round "4"]
[White "Nugaev,N"]
[Black "Bystryakova,E"]
[Result "0-1"]
[WhiteElo "1868"]
[BlackElo "2189"]

1.e4 d6 2.d4 Nf6 3.Nc3 e5 4.Nf3 exd4 5.Nxd4 Be7 6.Bd3 O-O 7.Be3 a6 8.a4 Nc6
9.h3 Ne5 10.f4 Ng6 11.Qf3 c5 12.Nb3 Bd7 13.g4 b5 14.g5 c4 15.gxf6 Bxf6 16.Bxc4 bxc4
17.Nd4 Rb8 18.Ra2 Qa5 19.Kd2 Rfe8 20.Kc1 Rxb2 21.Kxb2 Rb8+ 22.Kc1 Qxc3 23.e5 dxe5
24.fxe5 Nxe5 25.Qg3 Nd3+ 26.Kd1 Be5 27.Qg1 Rb1+  0-1

[Event "Spring Open"]
[Site "Belgrade SRB"]
[Date "2007.03.29"]
[Round "4"]
[White "Martic,I"]
[Black "Dzunic,V"]
[Result "1-0"]
[WhiteElo "2309"]
[BlackElo "2017"]

1.e4 d6 2.d4 Nf6 3.Nc3 e5 4.Nf3 Nbd7 5.Bc4 Be7 6.O-O O-O 7.Re1 c6 8.a4 Qc7
9.b3 h6 10.Bb2 Re8 11.a5 exd4 12.Nxd4 Bf8 13.Bf1 Rb8 14.Qd2 b5 15.axb6 axb6
16.Qf4 Ne5 17.Nf5 Bxf5 18.Qxf5 d5 19.f3 d4 20.Nd1 c5 21.Bb5 Re6 22.Qh3 Ng6
23.g3 Rd8 24.Rf1 Re5 25.Bc1 Re7 26.Nf2 Ne5 27.Nd3 Nc6 28.Bf4 Qc8 29.Qxc8 Rxc8
30.Ra6 g5 31.Bd6 Rb7 32.Bxf8 Kxf8 33.Nxc5 bxc5 34.Bxc6 Rbc7 35.Bb5 Kg7 36.Bd3 Re8
37.Re1 Nd5 38.Rea1 Nb4 39.Ra7 Rxa7 40.Rxa7 Nxd3 41.cxd3 Rb8 42.Ra3 Kg6 43.Kf2 Rb6
44.f4 gxf4 45.gxf4 Kh5 46.Kf3 Kh4 47.e5 Kh3 48.f5 h5 49.Ra1 f6 50.Kf4 fxe5+
51.Kxe5 Rxb3 52.f6 Rxd3 53.f7 Rf3 54.Ra3 Rxa3 55.f8=Q Kxh2 56.Qxc5 Rg3 57.Qxd4 Kh3
58.Kf5 h4 59.Qd8 Rf3+ 60.Kg5 Kg3 61.Qc7+ Kh3 62.Qd7+ Kg3 63.Qd6+ Kh3 64.Qe6+ Kg3
65.Qg4+ Kf2 66.Qxh4+ Ke3 67.Qb4 Rg3+ 68.Kf5 Rf3+ 69.Kg4 Rf1 70.Qb3+ Ke2 71.Qb2+ Ke3
72.Kg3 Rg1+ 73.Kh2 Rf1 74.Qc3+ Ke2 75.Kg2 Rf2+ 76.Kg3 Rf1 77.Qc2+ Ke1 78.Kg2 Rg1+
79.Kf3  1-0

[Event "Spring Open"]
[Site "Belgrade SRB"]
[Date "2007.03.31"]
[Round "6"]
[White "Bozinovic,Bob"]
[Black "Dzunic,V"]
[Result "1-0"]
[WhiteElo "2137"]
[BlackElo "2017"]

1.e4 d6 2.d4 Nf6 3.Nc3 e5 4.Nf3 Nbd7 5.Bc4 Be7 6.dxe5 dxe5 7.Bxf7+ Kxf7 8.Ng5+ Kg8
9.Ne6 Qe8 10.Nxc7 Qg6 11.Nxa8 Qxg2 12.Rf1 Nc5 13.Qe2 Bh3 14.Be3 Qxf1+ 15.Qxf1 Bxf1
16.Kxf1 Na6 17.Bxa7 Kf7 18.Nb6 Bc5 19.Nca4 Nxe4 20.Nxc5 Nexc5 21.Nc4 Kf6
22.Re1 Nd7 23.Nxe5 Nxe5 24.Bd4 Nb4 25.Rxe5 Kg6 26.Re7 Nxc2 27.Rxg7+ Kh6 28.Bc3 Ra8
29.Rxb7 Rxa2 30.Ke2 Ra1  1-0

[Event "Vladimir Zak mem"]
[Site "St Petersburg RUS"]
[Date "2007.03.31"]
[Round "8"]
[White "Gantsevich,A"]
[Black "Pleshkov,M"]
[Result "1-0"]
[WhiteElo "1990"]
[BlackElo "2078"]

1.e4 d6 2.d4 Nf6 3.Nc3 c6 4.f4 Qc7 5.Nf3 Bg4 6.h3 Bxf3 7.Qxf3 e5 8.fxe5 dxe5
9.dxe5 Qxe5 10.Bf4 Qh5 11.g4 Qc5 12.O-O-O Be7 13.e5 Nfd7 14.Ne4 Nxe5 15.Qg3 Qb4
16.Bxe5 Qxe4 17.Bd3 Qa4 18.Bxb8 O-O 19.Bd6 Bxd6 20.Qxd6 Qxa2 21.Qa3 Qe6 22.Rde1 Qh6+
23.Kb1 a5 24.Re5 Qd2 25.Rhe1 b5 26.Qd6 Qg2 27.Bf1 Qf3 28.R5e3 Qf6 29.Qxf6 gxf6
30.Bg2 Rac8 31.Re7 a4 32.Rd7 b4 33.Ree7 b3 34.cxb3 axb3 35.Rb7 Rce8 36.Rxe8 Rxe8
37.Rxb3 Re1+ 38.Ka2 c5 39.Rc3 Re5 40.Kb3 Kg7 41.Bc6 f5 42.gxf5 Rxf5 43.Kc4 Rh5
44.Bd5  1-0

[Event "30th Open"]
[Site "San Sebastian ESP"]
[Date "2007.04.01"]
[Round "1"]
[White "Izquierdo Arruzeria,J"]
[Black "Martin Alvarez,I"]
[Result "0-1"]
[WhiteElo "1755"]
[BlackElo "2173"]

1.e4 d6 2.d4 Nf6 3.Nc3 e5 4.dxe5 dxe5 5.Qxd8+ Kxd8 6.Bc4 Be6 7.Bxe6 fxe6
8.Be3 Bd6 9.O-O-O Ke7 10.Nge2 Nbd7 11.h3 a6 12.Rhf1 b5 13.Ng3 Rhb8 14.f4 exf4
15.Bxf4 Bxf4+ 16.Rxf4 Ne5 17.Rf2 c5 18.Rfd2 Rd8 19.b3 h5 20.Rxd8 Rxd8 21.Rxd8 Kxd8
22.Kd2 Kd7 23.Nce2 h4 24.Nf1 Nxe4+ 25.Ke3 Nf6 26.Nd2 Nf7 27.Ne4 Nxe4 28.Kxe4 g5
29.Ng1 Ke7 30.Nf3 Nd6+ 31.Ke5 Nf7+ 32.Ke4 Kf6 33.Ne1 Nd6+ 34.Kd3 Ke5 35.Ke3 Ne4
36.Nd3+ Kf5 37.a3 a5 38.a4 c4 39.bxc4 bxa4 40.Nc1 e5 41.Na2 a3 42.Kf3 Nd2+  0-1

[Event "ch-Catalonia"]
[Site "Barcelona ESP"]
[Date "2007.04.02"]
[Round "2"]
[White "Ivanova,S1"]
[Black "Arroyo Pascual,A"]
[Result "1-0"]
[WhiteElo "2207"]
[BlackElo "1881"]

1.e4 d6 2.d4 Nf6 3.Nc3 e5 4.Nf3 exd4 5.Nxd4 Be7 6.Be2 O-O 7.O-O Re8 8.Qd3 Na6
9.Qg3 Nc5 10.Bf3 Bf8 11.Bg5 Ne6 12.Nxe6 Bxe6 13.Rad1 Be7 14.e5 Nd7 15.Bxe7 Qxe7
16.exd6 cxd6 17.Qxd6 Qxd6 18.Rxd6 Ne5 19.Bd5 Bxd5 20.Rxd5 a6 21.Rfd1 Rac8
22.Kf1 Kf8 23.h3 Nc4 24.Na4 Rc6 25.b3 Nb6 26.Nxb6 Rxb6 27.Rd7 Rc6 28.Rxb7 Rxc2
29.a4 g6 30.Rb4 Ree2 31.Rf4 Kg7 32.Rd7 Red2 33.Rdxf7+ Kg8 34.Rf8+ Kg7 35.R4f7+ Kh6
36.g3 Rd1+ 37.Kg2 Rcc1 38.Rh8 Rg1+ 39.Kf3 Rc3+ 40.Kg4 g5 41.Rhxh7+ Kg6 42.Rfg7+ Kf6
43.Rb7 Kg6 44.Rhg7+ Kh6 45.Rxg5 Rd1 46.Rf5 Rd4+ 47.f4 Rd6 48.Rh5+ Kg6 49.f5+  1-0

[Event "8th ch-Euro"]
[Site "Dresden GER"]
[Date "2007.04.03"]
[Round "1"]
[White "Moiseenko,A1"]
[Black "Landenbergue,C"]
[Result "1-0"]
[WhiteElo "2627"]
[BlackElo "2450"]

1.d4 d6 2.e4 Nf6 3.Nc3 Nbd7 4.g4 h6 5.h3 e5 6.Nge2 b5 7.Bg2 c6 8.Ng3 Be7
9.O-O O-O 10.Be3 b4 11.Nce2 d5 12.dxe5 Nxe5 13.Bd4 Qc7 14.f4 Ng6 15.e5 Nh7
16.Qd3 Nh4 17.Bh1 f5 18.exf6 Bxf6 19.Rae1 Bxd4+ 20.Nxd4 Bd7 21.Nh5 Rae8 22.Qg3 Ng6
23.f5 Ne5 24.Kh2 Qd6 25.Nf4 Nc4 26.Ng6 Qxg3+ 27.Kxg3 Ne3 28.Rf3 Nxf5+ 29.Nxf5 Rxe1
30.Nfe7+ Rxe7 31.Nxe7+ Kh8 32.Ng6+ Kg8 33.Nxf8 Nxf8 34.c3  1-0

[Event "8th ch-Euro"]
[Site "Dresden GER"]
[Date "2007.04.03"]
[Round "1"]
[White "Andriasian,Z"]
[Black "Minescu,D"]
[Result "1-0"]
[WhiteElo "2508"]
[BlackElo "2164"]

1.e4 d6 2.d4 Nf6 3.Nc3 e5 4.Nf3 Nbd7 5.Bc4 Be7 6.O-O O-O 7.a4 c6 8.Ba2 Qc7
9.Re1 h6 10.h3 Re8 11.Nh4 Nf8 12.dxe5 dxe5 13.Nf5 Be6 14.Qf3 Bxa2 15.Rxa2 Ne6
16.Be3 Ng5 17.Qg3 Nh5 18.Qg4 Nf6 19.Qe2 Bf8 20.h4 Ne6 21.Qf3 h5 22.Nh6+ Kh7
23.Ne2 g6 24.Qxf6 Bxh6 25.Bxh6 Kxh6 26.Ra3 Qe7 27.Qxe5 Qxh4 28.Rh3 Qg5 29.Qc3 Rad8
30.Rf3 Re7 31.Rd3 Rde8 32.b4 a5 33.Rg3 axb4 34.Qxb4 Qc5 35.Qd2+ Kh7 36.Re3 Rd8
37.Rd3 Rxd3 38.cxd3  1-0

[Event "30th Open"]
[Site "San Sebastian ESP"]
[Date "2007.04.03"]
[Round "3"]
[White "Sakelsek,T"]
[Black "Markosian,D"]
[Result "1-0"]
[WhiteElo "2487"]
[BlackElo "2352"]

1.e4 d6 2.d4 Nf6 3.Nc3 e5 4.Nf3 exd4 5.Nxd4 g6 6.Be2 Bg7 7.f4 O-O 8.O-O Re8
9.Bf3 a6 10.Kh1 c5 11.Nb3 Nc6 12.Be3 Be6 13.Re1 Qc7 14.Nd5 Bxd5 15.exd5 Na5
16.Nd2 Nd7 17.c3 b5 18.Rc1 Nb6 19.b3 c4 20.b4 Nb7 21.Ne4 Na4 22.Qd2 Nb6 23.Bd4 Nd7
24.Bxg7 Kxg7 25.Qd4+ Kg8 26.g4 f6 27.Nxf6+ Nxf6 28.Qxf6 Qg7 29.Qxg7+ Kxg7
30.g5 a5 31.a3 axb4 32.axb4 Kf8 33.Bg4 Re7 34.Rxe7 Kxe7 35.Re1+ Kd8 36.f5  1-0

[Event "8th ch-Euro w"]
[Site "Dresden GER"]
[Date "2007.04.04"]
[Round "2"]
[White "Nemcova,Kat"]
[Black "Michna,Mar"]
[Result "0-1"]
[WhiteElo "2147"]
[BlackElo "2346"]

1.e4 d6 2.d4 Nf6 3.Nc3 c6 4.f4 Qa5 5.e5 Ne4 6.Bd3 Nxc3 7.Qd2 d5 8.Ne2 e6
9.bxc3 Qa4 10.O-O g6 11.Kh1 b6 12.g4 c5 13.Ng3 Nc6 14.f5 Bd7 15.a3 O-O-O
16.Bb2 Na5 17.Rf2 gxf5 18.gxf5 h5 19.fxe6 fxe6 20.Rf7 h4 21.Ne2 Bh6 22.Qe1 c4
23.Bg6 Be8 24.Qf1 Bxf7 25.Qxf7 Qd7 26.Bc1 Bxc1 27.Rxc1 Rdf8 28.Qxd7+ Kxd7
29.Rg1 Rh6 30.Rg4 Nc6 31.Rf4 Rg8 32.Bf7 Rg7 33.Ng1 Ke7  0-1

[Event "XXXIV Open"]
[Site "La Roda ESP"]
[Date "2007.04.04"]
[Round "1"]
[White "Sanchez Garcia,Ma"]
[Black "Paunovic,D"]
[Result "0-1"]
[WhiteElo "1980"]
[BlackElo "2524"]

1.d4 d6 2.e4 Nf6 3.Nc3 e5 4.Nf3 Nbd7 5.Be3 Be7 6.h3 O-O 7.Bd3 c6 8.O-O b5
9.dxe5 Nxe5 10.Nxe5 dxe5 11.a4 b4 12.Ne2 Be6 13.f4 Qa5 14.f5 Bc5 15.Bxc5 Qxc5+
16.Kh2 Bc4 17.Qe1 Rad8 18.Rc1 Rd6 19.b3 Bxd3 20.cxd3 Qa5 21.Rc4 c5 22.Qg3 Re8
23.Rfc1 Qd8 24.Rxc5 Rxd3 25.Rc8 Rxg3 26.Rxd8 Rxg2+ 27.Kxg2 Rxd8 28.Rc4 h5
29.Rxb4 Rd2 30.Kf2 Rd3 31.Ng1 a5 32.Ke2 Rg3 33.Rb8+ Kh7 34.Nf3 Nxe4 35.Nxe5 Nd6
36.Nc6 Nxf5 37.Nxa5 Rxh3 38.Nc6 Rc3 39.Na5 h4 40.Kd2 h3 41.Re8 h2  0-1

[Event "8th ch-Euro"]
[Site "Dresden GER"]
[Date "2007.04.05"]
[Round "3"]
[White "Dinger,F"]
[Black "Minescu,D"]
[Result "1-0"]
[WhiteElo "2286"]
[BlackElo "2164"]

1.e4 d6 2.d4 Nf6 3.Nc3 e5 4.Nf3 Nbd7 5.Bc4 Be7 6.O-O O-O 7.a4 c6 8.Re1 Qc7
9.b3 h6 10.Bb2 Nb6 11.Be2 Be6 12.h3 a5 13.Qd2 Rad8 14.Rad1 Rfe8 15.Bf1 Bf8
16.Nb1 Nbd7 17.c4 exd4 18.Nxd4 Nc5 19.Bd3 Qb6 20.Bc3 Nxd3 21.Qxd3 d5 22.cxd5 cxd5
23.e5 Ne4 24.Qb5 Qxb5 25.Nxb5 Nxc3 26.N1xc3 Bb4 27.Re3 Rd7 28.Ne2 Rc8 29.Ned4 Rdd8
30.Kf1 Bd7 31.Red3 Re8 32.Nd6 Bxd6 33.exd6 Kf8 34.Nb5 Bc6 35.d7 Bxd7 36.Nd6 Bc6
37.Nxc8 Rxc8 38.Rc1 Ke7 39.Ke1 Kd6 40.Kd2 Re8 41.Rg3 g6 42.Re3 Re4 43.Rxe4 dxe4
44.Ke3 Kd5 45.g4 f6 46.Rc4 Kd6 47.Kd4 b6 48.Rc3 Bd5 49.Rg3 Ke6 50.h4 g5 51.hxg5 hxg5
52.Rh3 Kd6 53.Rh6 Bxb3 54.Rxf6+ Kc7 55.Rf5 Bxa4 56.Rxg5 Bd1 57.Rg8 a4 58.g5 Kb7
59.Kc3 a3 60.Rd8 Ba4 61.g6 b5 62.Rd2 Kb6 63.Kb4  1-0

[Event "8th ch-Euro"]
[Site "Dresden GER"]
[Date "2007.04.05"]
[Round "3"]
[White "Simacek,P"]
[Black "Damljanovic,B"]
[Result "1-0"]
[WhiteElo "2501"]
[BlackElo "2590"]

1.e4 d6 2.d4 Nf6 3.Nc3 e5 4.Nf3 Nbd7 5.Bc4 Be7 6.O-O Nb6 7.Be2 Nfd7 8.a4 a5
9.b3 O-O 10.Bb2 Re8 11.Qd2 Bf8 12.Rad1 c6 13.Ba3 Qc7 14.d5 Nc5 15.Bxc5 dxc5
16.Qe3 Bd7 17.Nd2 cxd5 18.exd5 e4 19.Ndxe4 Bd6 20.Qg5 Bxh2+ 21.Kh1 Be5 22.Nb5 Bxb5
23.Bxb5 h6 24.Qh5 Red8 25.f4 Bxf4 26.d6 Bxd6 27.Nxd6 Rxd6 28.Rxd6 Qxd6 29.Qxf7+ Kh8
30.Qxb7 Rd8 31.Qe4 Qd4 32.Qe7 Rg8 33.Bd3 Nd5 34.Qf7 Qh4+ 35.Kg1 Qd4+ 36.Kh1 Qh4+
37.Kg1 Qd4+ 38.Qf2 Ne3 39.Re1 Re8 40.Bg6  1-0